000 00878cam a2200277K 4500
001 42334
005 20230410123936.0
008 070816s1968 sp a b 000 0 spa d
035 _a(OCoLC)ocn164888015
040 _aUOP
_cUOP
035 _a(OCoLC)164888015
050 1 4 _aLB 1027
_bB163e 1968
049 _aGRAL
100 1 _aBair, Medill.
245 1 3 _aLa enseñanza en equipo (team teaching) /
_c[por] Medill Bair [y] Richard G. Woodward. Presentacion de Paz Asuncion Ramos.
260 _aMadrid :
_bEditorial Magisterio Español,
_c1968.
300 _a223 p.
_billus.
_c22 cm.
440 0 _aColección ciencias de la educación
504 _aIncludes bibliographies.
500 _aTranslation of: Team teaching.
650 0 _aTeaching teams.
700 1 _aWoodward, Richard G.,
_ejoint author.
942 _2lcc
_cbk
946 _ajoacosta
994 _aC0
_bDRFGD
999 _c68518
_d68518